| 000 | 01022nam a2200277Ia 4500 | ||
|---|---|---|---|
| 003 | OSt | ||
| 005 | 20221005105904.0 | ||
| 006 | a|||||r|||| 00| 0 | ||
| 007 | ta | ||
| 008 | 221004b |||||||| |||| 00| 0 hin d | ||
| 020 |
_a9788126027428 (hbk) _cINR 600.00 |
||
| 024 | _a36631 | ||
| 037 |
_bBW/1664, 14/03/2018, Bookwell _cTextual |
||
| 040 |
_aCRL _cCRL _bhin |
||
| 041 |
_2hin _ahin |
||
| 082 | _aO152,3N161x, P9 | ||
| 100 | _aनागर, शरद, संपा. | ||
| 245 | 0 | _aअमृतलाल नागर रचना संचयन | |
| 246 | _aAmṛutalāl nāgar rachanā sanchayana | ||
| 260 |
_aनई दिल्ली _bसाहित्य अकादेमी भारत _c2014 |
||
| 300 |
_a1228पृ0 _ccm. |
||
| 650 | _a हिन्दी साहित्य | ||
| 650 | _aहिन्दी कहानी | ||
| 942 |
_hO152,3N161x, P9 _cTEXL _2cc |
||
| 999 |
_c1017207 _d1017207 |
||